000 01072cam a22002174a 4500
005 20250605164052.0
008 250528s ||||||||||||||||||||||||d
035 _a17332
020 _a863778275
040 _aGR-AtMCL
_bgre
_dGR-AtMCL
_eAACR2
245 1 _aSPSS for Windows Made Simple / Second Edition
250 _a2nd
260 _bPsychology Press,
_c1997
300 _a386
520 _aAn Introductory guide to the use of SPSS in the Windows environment. Preface, The Personal Computer, Windows Operations for SPSS, Data Handling in SPSS, Listing and Exploring Data, Choosing a Statistical Test, Comparing the Averages of Two Samples, The One-Factor Between Subjects Experiment, Factorial Experiments Between Subjects, Within Subjects Experiments, Experiments of Mixed Designs, Measuring Statistical Association, Regression, Logic Linear Analysis, Discriminant Analysis, Factor Analysis, Summary, Exercises, References, Index.
700 1 _aGray Colin D
_91937
700 1 _aKinnear Paul R
_91938
942 _cBK
999 _c2759
_d2759